LEADER 01873oam 2200553 450 001 9910708393303321 005 20171108151732.0 035 $a(CKB)3460000000114853 035 $a(OCoLC)852780889$z(OCoLC)51530738$z(OCoLC)777551648$z(OCoLC)945617284 035 $a(EXLCZ)993460000000114853 100 $a20130713d2002 ua 0 101 0 $aeng 135 $aurbn||||a|||| 181 $ctxt$2rdacontent 182 $cc$2rdamedia 183 $acr$2rdacarrier 200 10$aPort security $ehearing before a subcommittee of the Committee on Appropriations, United States Senate, One Hundred Seventh Congress, second session : special hearing, April 4, 2002, Seattle, WA 210 1$aWashington :$cU.S. Government Printing Office,$d2002. 215 $a1 online resource (iv, 74 pages) 225 1 $aS. hrg. ;$v107-593 300 $a"Printed for the use of the Committee on Appropriations." 517 $aPort security 606 $aMarine terminals$xSecurity measures$zWashington (State) 606 $aHarbors$xSecurity measures$zWashington (State) 606 $aMarine terminals$xSecurity measures$zUnited States 606 $aHarbors$xSecurity measures$zUnited States 606 $aTerrorism$zUnited States$xPrevention 608 $aLegislative hearings.$2lcgft 615 0$aMarine terminals$xSecurity measures 615 0$aHarbors$xSecurity measures 615 0$aMarine terminals$xSecurity measures 615 0$aHarbors$xSecurity measures 615 0$aTerrorism$xPrevention. 801 0$bOCLCE 801 1$bOCLCE 801 2$bOCLCO 801 2$bOCLCA 801 2$bOCLCQ 801 2$bOCLCO 801 2$bOCLCF 801 2$bBUF 801 2$bCDL 801 2$bOCLCQ 801 2$bOCLCA 801 2$bGPO 906 $aBOOK 912 $a9910708393303321 996 $aPort security$93146641 997 $aUNINA LEADER 02266nam 2200517z- 450 001 9910557256403321 005 20211118 035 $a(CKB)5400000000041393 035 $a(oapen)https://directory.doabooks.org/handle/20.500.12854/73658 035 $a(oapen)doab73658 035 $a(EXLCZ)995400000000041393 100 $a20202111d2020 |y 0 101 0 $aeng 135 $aurmn|---annan 181 $ctxt$2rdacontent 182 $cc$2rdamedia 183 $acr$2rdacarrier 200 00$aNeural Substrates of Acupuncture: from Peripheral to Central Nervous System Mechanisms 210 $cFrontiers Media SA$d2020 215 $a1 online resource (216 p.) 311 08$a2-88963-505-8 330 $aThis eBook is a collection of articles from a Frontiers Research Topic. Frontiers Research Topics are very popular trademarks of the Frontiers Journals Series: they are collections of at least ten articles, all centered on a particular subject. With their unique mix of varied contributions from Original Research to Review Articles, Frontiers Research Topics unify the most influential researchers, the latest key findings and historical advances in a hot research area! Find out more on how to host your own Frontiers Research Topic or contribute to one as an author by contacting the Frontiers Editorial Office: frontiersin.org/about/contact 517 $aNeural Substrates of Acupuncture 606 $aNeurosciences$2bicssc 606 $aScience: general issues$2bicssc 610 $aAcupuncture 610 $aautonomic nervous system 610 $apain 610 $apathway 610 $aplacebo effect 615 7$aNeurosciences 615 7$aScience: general issues 700 $aChae$b Younbyoung$4edt$01318753 702 $aNapadow$b Vitaly$4edt 702 $aBeissner$b Florian$4edt 702 $aLin$b Yi-Wen$4edt 702 $aHarris$b Richard E$4edt 702 $aChae$b Younbyoung$4oth 702 $aNapadow$b Vitaly$4oth 702 $aBeissner$b Florian$4oth 702 $aLin$b Yi-Wen$4oth 702 $aHarris$b Richard E$4oth 906 $aBOOK 912 $a9910557256403321 996 $aNeural Substrates of Acupuncture: from Peripheral to Central Nervous System Mechanisms$93033523 997 $aUNINA